LEADER 01770nam a2200325 i 4500 001 000000041808 003 CaOOAMICUS 005 20091210000000.0 008 091210s1989 sp u000 u spa u 013 $a12978 020 $a84-85281-86-1 040 $aSeMil$bita 100 1 $aNavarro Girón, María Ángeles <1951- >.$0(OLS)http://semarc/name/20617 245 13$aLa carne de Cristo :$bel misterio eucaristico a la luz de la controversia entre Pascasio Radberto, Ratramno, Rabano Mauro y Godescalco /$cMaría Ángeles Navarro Girón. 260 $aMadrid :$bUPCM,$c1989. 300 $a269 p. ;$c24 cm. 490 0 $aPublicaciones de la Universidad pontificia Comillas, Madrid. Serie 1, Estudios ;$v44 600 04$aRabano Mauro <784?-856>.$0(OLS)http://semarc/subject/8901 600 04$aRatramno : di Corbie .$0(OLS)http://semarc/subject/8903 600 04$aGodescalco : d'Orbais <807?-867?>.$0(OLS)http://semarc/subject/8902 650 4$aEucaristia - Teologia sistematica.$0(OLS)http://semarc/subject/5569 650 4$aPascasio Radberto .$0(OLS)http://semarc/subject/1100 650 4$aCristologia.$0(OLS)http://semarc/subject/173 830 0$aPublicaciones de la Universidad pontificia Comillas, Madrid. Serie 1, Estudios ;$v44.$0(OLS)http://semarc/title/30264 850 $aSeMil 852 $aSeMil$W1$xVenegono$y1$m2B VI 250$j7963$B7963$CSeMilBibl$Z2$F7963 $81 961 $aAcquisto: Glossa (Libreria) 996 $6020$a84-85281-86-1$9(OLS)http://semarc/number/12783 996 $6245$aLa carne de Cristo :$bel misterio eucaristico a la luz de la controversia entre Pascasio Radberto, Ratramno, Rabano Mauro y Godescalco$9(OLS)http://semarc/title/60713 996 $6260$aMadrid :$bUPCM$9(OLS)http://semarc/publisher/32537